Industrial Relations (Record no. 4870)
[ view plain ]
| 000 -LEADER | |
|---|---|
| fixed length control field | 00321nam a2200145Ia 4500 |
| 008 - FIXED-LENGTH DATA ELEMENTS--GENERAL INFORMATION | |
| fixed length control field | 191201s2008 xx 000 0 und d |
| 082 ## - DEWEY DECIMAL CLASSIFICATION NUMBER | |
| Classification number | 331.1SII |
| 100 ## - MAIN ENTRY--PERSONAL NAME | |
| Personal name | SINGH,S.P |
| 245 #0 - TITLE STATEMENT | |
| Title | Industrial Relations |
| 250 ## - EDITION STATEMENT | |
| Edition statement | 1st |
| 260 ## - PUBLICATION, DISTRIBUTION, ETC. (IMPRINT) | |
| Place of publication, distribution, etc | N. Delhi |
| Name of publisher, distributor, etc | AITBS Pub. |
| Date of publication, distribution, etc | 2008 |
| 300 ## - PHYSICAL DESCRIPTION | |
| Extent | 325 |
| 650 ## - SUBJECT ADDED ENTRY--TOPICAL TERM | |
| Topical term or geographic name as entry element | BBA |
| 942 ## - ADDED ENTRY ELEMENTS (KOHA) | |
| Source of classification or shelving scheme | Dewey Decimal Classification |
| Koha item type | Text Books |
| Withdrawn status | Lost status | Source of classification or shelving scheme | Damaged status | Not for loan | Collection code | Home library | Current library | Date acquired | Source of acquisition | Cost, normal purchase price | Bill Number | Total Checkouts | Full call number | Acc. no. / Barcode | Checked out | Date last seen | Date last borrowed | Bill Date | Koha item type | Public note |
|---|---|---|---|---|---|---|---|---|---|---|---|---|---|---|---|---|---|---|---|---|
| Dewey Decimal Classification | BBA | PIET C-LIBRARY | PIET C-LIBRARY | 29/07/2011 | The book company | 295.00 | IN-858 | 1 | 331 SII | 17607 | 21/07/2022 | 22/01/2022 | 22/01/2022 | 27/07/2011 | Text Books | . | ||||
| Dewey Decimal Classification | BBA | PIET C-LIBRARY | PIET C-LIBRARY | 29/07/2011 | The book company | 295.00 | IN-858 | 331 SII | 17608 | 04/12/2019 | 27/07/2011 | Text Books | ||||||||
| Dewey Decimal Classification | BBA | PIET C-LIBRARY | PIET C-LIBRARY | 29/07/2011 | The book company | 295.00 | IN-858 | 331 SII | 17609 | 04/12/2019 | 27/07/2011 | Text Books | ||||||||
| Dewey Decimal Classification | BBA | PIET C-LIBRARY | PIET C-LIBRARY | 29/07/2011 | The book company | 295.00 | IN-858 | 331 SII | 17610 | 04/12/2019 | 27/07/2011 | Text Books | ||||||||
| Dewey Decimal Classification | BBA | PIET C-LIBRARY | PIET C-LIBRARY | 29/07/2011 | The book company | 295.00 | IN-858 | 331 SII | 17611 | 04/12/2019 | 27/07/2011 | Text Books |